Meet the lords. 3, Brexit and exit /

Inside the gilded halls of the House of Lords - at the heart of the UK government - the Lords face contentious bills, eccentric traditions, bubbling tensions, and a fight for their future. Meet the Lords provides an insider's glimpse into an astonishing world full of bizarre rules and age-old t...

Full description

Bibliographic Details
Other Authors: Stirzaker, Tim (Director, Producer), Giles, James (Television producer and director) (Director, Producer), Bevan, Gillian, 1956- (Narrator)
Format: Video
Language:English
Language Notes:In English.
Published: London, England : BBC Worldwide, 2017.
Series:Academic Video Online
Subjects:
Online Access:Connect to this streaming video (Alexander Street Press)

MARC

Tag First Indicator Second Indicator Subfields
LEADER 00000cgm a2200000Mi 4500
001 in00005541981
006 m o c
007 cr |n||||||||a
007 vz |za|z|
008 190226s2017 enk052 e o vueng d
005 20241201230140.9
035 |a (OCoLC)on1096472231 
040 |a ALSTP  |b eng  |e rda  |e pn  |c ALSTP  |d OCLCO  |d STF  |d OCLCO  |d OCLCF  |d OCLCQ  |d OCLCO  |d OCLCL  |d OCLCQ  |d NUI 
019 |a 1373518691  |a 1430879072  |a 1443988378 
035 |a (OCoLC)1096472231  |z (OCoLC)1373518691  |z (OCoLC)1430879072  |z (OCoLC)1443988378 
043 |a e-uk--- 
049 |a TXAM 
245 0 0 |a Meet the lords.  |n 3,  |p Brexit and exit /  |c produced and directed by James Giles, Tim Stirzaker ; Top Hat for BBC. 
264 1 |a London, England :  |b BBC Worldwide,  |c 2017. 
300 |a 1 online resource (52 min.) 
306 |a 005134 
336 |a two-dimensional moving image  |b tdi  |2 rdacontent 
337 |a computer  |b c  |2 rdamedia 
337 |a video  |b v  |2 rdamedia 
338 |a online resource  |b cr  |2 rdacarrier 
347 |a video file  |2 rda 
490 0 |a Academic Video Online 
500 |a Title from resource description page (viewed February 26, 2019). 
511 0 |a Narrator: Gillian Bevan. 
520 |a Inside the gilded halls of the House of Lords - at the heart of the UK government - the Lords face contentious bills, eccentric traditions, bubbling tensions, and a fight for their future. Meet the Lords provides an insider's glimpse into an astonishing world full of bizarre rules and age-old traditions. This is a world where staff carry swords and peers still dress in ermine-trimmed red robes for grand ceremonies. Tensions build as the Lords face up to the government, the public and each other. What lies in store for the House of Lords? Will reformists succeed in overhauling the system or will the traditionalists win out in the end? Brexit hits the Lords with a bang when they vote on leaving Europe and become the centre of the nation's attention. They also have their biggest ceremonial day of the year when the Queen pays her annual visit. Lords turn out in massive numbers to have their say on the most important issue in decades and decide whether to rebel on Brexit or not. And on Queen's Speech day, there are ermine gowns to put on and ancient traditions to follow, but Her Majesty's impending arrival isn't exciting Lord Foulkes, who feels it is an irritating distraction. The House's Victorian sewage system is on its last legs and not equipped to deal with so many Lords. To fix the many structural problems an inquiry is considering a dramatic move for the five or so years the work will take. Some Lords have radical overhaul plans of their own and want the size of the House cut. And Baroness D'Souza is worrying about peers who claim their expenses without contributing and has some new research. Over the course of a year, Meet the Lords, the exclusive behind-the-scenes documentary, follows some of the larger than life characters that inhabit the House of Lords, one of Britain's oldest, most idiosyncratic and important institutions. For the first time, free-roaming cameras have been allowed to film inside the Lords Chamber and in its committees to capture moments that matter to the UK, but usually go unseen. Featuring new people's peers, hereditaries and political grandees as they try to change or influence legislation, it follows their personal passions and clashes with the government, all in a gothic palace where centuries-old ceremony and tradition still dominate proceedings. 
546 |a In English. 
610 1 0 |a Great Britain.  |b Parliament.  |b House of Lords. 
610 2 0 |a European Union  |z Great Britain. 
610 2 7 |a European Union.  |2 fast  |0 (OCoLC)fst00916630 
610 1 7 |a Great Britain.  |b Parliament.  |b House of Lords.  |2 fast  |0 (OCoLC)fst00540009 
650 0 |a Referendum  |z Great Britain  |x History. 
650 0 |a Legislative bodies  |z Great Britain  |x Reform. 
651 0 |a Great Britain  |x Politics and government. 
650 6 |a Référendum  |z Grande-Bretagne  |x Histoire. 
650 6 |a Parlements  |z Grande-Bretagne  |x Réforme. 
651 6 |a Grande-Bretagne  |x Politique et gouvernement. 
650 7 |a Legislative bodies  |x Reform.  |2 fast  |0 (OCoLC)fst00995742 
650 7 |a Politics and government.  |2 fast  |0 (OCoLC)fst01919741 
650 7 |a Referendum.  |2 fast  |0 (OCoLC)fst01092465 
651 7 |a Great Britain.  |2 fast  |0 (OCoLC)fst01204623  |1 https://id.oclc.org/worldcat/entity/E39PBJdmp7p3cx8hpmJ8HvmTpP 
655 7 |a Documentary television programs.  |2 fast  |0 (OCoLC)fst01710387 
655 7 |a History.  |2 fast  |0 (OCoLC)fst01411628 
655 7 |a Television mini-series.  |2 fast  |0 (OCoLC)fst01726179 
655 7 |a Documentary television programs.  |2 lcgft 
655 7 |a Television mini-series.  |2 lcgft 
655 7 |a Documentaires télévisés.  |2 rvmgf 
655 7 |a Miniséries.  |2 rvmgf 
700 1 |a Stirzaker, Tim,  |e director,  |e producer. 
700 1 |a Giles, James  |c (Television producer and director),  |e director,  |e producer. 
700 1 |a Bevan, Gillian,  |d 1956-  |e narrator.  |1 https://id.oclc.org/worldcat/entity/E39PBJr3t96m9tthVTJvFFyDbd 
710 2 |a BBC Worldwide Learning,  |e film distributor. 
710 2 |a Top Hat Productions,  |e production company. 
758 |i has work:  |a Brexit and exit 3 Meet the lords (MovingImage)  |1 https://id.oclc.org/worldcat/entity/E39PCFyC8JVfKKHRmQBVd8KXBd  |4 https://id.oclc.org/worldcat/ontology/hasWork 
856 4 0 |u http://proxy.library.tamu.edu/login?url=https://www.aspresolver.com/aspresolver.asp?MARC;4035432  |z Connect to this streaming video (Alexander Street Press)  |t 0 
955 |a Alexander Street Press subscription streaming video 
994 |a 92  |b TXA 
999 f f |s d5e44f14-cf6c-464a-8f99-bcc75562c30b  |i 3402775b-6902-4972-aede-59d40303d409  |t 0 
952 f f |a Texas A&M University  |b College Station  |c Electronic Resources  |d Available Online  |t 0  |h Library of Congress classification 
998 f f |t 0  |l Available Online